Statistics for US Presidents in Alphabetical Order

Click here to take the quiz!

General Stats

  • This quiz has been taken 2,180 times
    (886 since last reset)
  • The average score is 24 of 40

Answer Stats

president% Correct
Adams
98%
Arthur
74%
Bush
72%
Carter
71%
Eisenhower
71%
Buchanan
70%
Jackson
68%
Johnson
64%
Coolidge
63%
Biden
62%
Clinton
62%
Cleveland
61%
Grant
61%
Nixon
60%
Washington
60%
Wilson
60%
Jefferson
59%
Madison
59%
Roosevelt
59%
Monroe
58%
Harrison
57%
Reagan
56%
Taft
56%
Fillmore
55%
Hoover
55%
Ford
54%
Garfield
54%
Hayes
54%
Kennedy
54%
Harding
53%
Lincoln
53%
Obama
53%
Polk
53%
Trump
53%
Taylor
52%
Truman
52%
Van Buren
52%
Tyler
51%
Pierce
48%
McKinley
47%

Score Distribution

Percentile by Number Answered

Percent of People with Each Score

Your Score History

You have not taken this quiz since the last reset